| 000 | 00844cam a22002054a 4500 | ||
|---|---|---|---|
| 005 | 20260311184327.0 | ||
| 008 | 071102s2007 nyu b 001 0 eng c | ||
| 040 |
_aKABLIB _cKABLIB _erda |
||
| 082 | 0 | 0 |
_a321.8 _223 _bMAN |
| 100 | 1 |
_aMandelbaum, Michael. _915706 |
|
| 245 | 1 | 0 |
_aDemocracy's good name : _bthe rise and risks of the world's most popular form of government / _cMichael Mandelbaum. |
| 260 |
_aNew York : _bPublicAffairs, _cc2007. |
||
| 300 |
_axviii, 298 p. ; _c24 cm. |
||
| 504 | _aIncludes bibliographical references, index. | ||
| 650 | 0 | _aDemocracy. | |
| 650 | 0 |
_aDemocracy _xHistory. _915365 |
|
| 856 | 4 | 2 |
_3Contributor biographical information _uhttp://www.loc.gov/catdir/enhancements/fy0828/2007281519-b.html |
| 856 | 4 | 2 |
_3Publisher description _uhttp://www.loc.gov/catdir/enhancements/fy0828/2007281519-d.html |
| 942 |
_2ddc _cBOOK |
||
| 999 |
_c6178 _d6178 |
||